Länder mit der geringsten Staatsverschuldung - Statistiken

Allgemein
  • Dieses Quiz wurde 21 mal gespielt
  • Das Durchschnittsergebnis liegt bei 3 aus 15
Antwortstatistiken
Verschuldung in % Land % Korrekt
3,04 Kuwait
55%
17,59 Nauru
45%
20,3 Russland
45%
3,87 Tuvalu
40%
22,02 Salomonen
35%
9,92 Kiribati
30%
16,68 Marshallinseln
30%
10,92 Mikronesien
25%
13,23 Osttimor
15%
16,91 Kosovo
10%
4,62 Turkmenistan
10%
20,85 Aserbaidschan
5%
23,36 Bulgarien
0%
19,31 Demokratische Republik Kongo
0%
14,95 Haiti
0%
Keine übereinstimmenden Quizze gefunden
Verteilung der Resultate
Anzahl Personen mit jedem Resultat
Perzentil nach korrekt beantworteten Fragen
Ihre Resultats-Entwicklung
Sie haben dieses Quiz noch nicht gespielt